|
|
|
|
| LEADER |
00000nam0a2200000 4500 |
| 001 |
246905 |
| 005 |
20231101232242.0 |
| 035 |
|
|
|a (RuTPU)RU\TPU\book\268372
|
| 090 |
|
|
|a 246905
|
| 100 |
|
|
|a 20131211d1965 k y0rusy50 ca
|
| 101 |
1 |
|
|a rus
|c eng
|
| 102 |
|
|
|a RU
|
| 105 |
|
|
|a a z 001zy
|
| 200 |
1 |
|
|a Эволюция физики. Развитие идей от первоначальных понятий до теории относительности и квантов
|e пер. с англ.
|f А. Эйнштейн, Л. Инфельд
|
| 205 |
|
|
|a 3-е изд., испр.
|
| 210 |
|
|
|a Москва
|c Наука
|d 1965
|
| 215 |
|
|
|a 327 с.
|c ил.
|
| 300 |
|
|
|a В суперобложке
|
| 317 |
|
|
|5 63413507: КР-5875
|a Поступила в НТБ в 1987 г. в дар от вдовы ученого Е. К. Завадовской
|
| 320 |
|
|
|a Имен. указ.: с. 327
|
| 600 |
|
1 |
|a Эйнштейн
|g Альберт
|b А.
|c немецкий физик-теоретик
|c Нобелевский лауреат
|f 1879-1955
|2 stltpush
|3 (RuTPU)RU\TPU\pers\817
|
| 606 |
1 |
|
|a Физика
|x История
|2 stltpush
|3 (RuTPU)RU\TPU\subj\42263
|9 61950
|
| 610 |
1 |
|
|a механистическое воззрение
|
| 610 |
1 |
|
|a расцвет
|
| 610 |
1 |
|
|a упадок
|
| 610 |
1 |
|
|a поле
|
| 610 |
1 |
|
|a относительность
|
| 610 |
1 |
|
|a кванты
|
| 610 |
1 |
|
|a эволюция
|
| 610 |
1 |
|
|a кинетическая теория
|
| 610 |
1 |
|
|a электричество
|
| 610 |
1 |
|
|a свет
|
| 610 |
1 |
|
|a волновая теория
|
| 610 |
1 |
|
|a эфир
|
| 610 |
1 |
|
|a цвет
|
| 610 |
1 |
|
|a движение
|
| 610 |
1 |
|
|a библиотека А. А. Воробьева
|
| 610 |
1 |
|
|a дары библиотеке
|
| 675 |
|
|
|a 53(09)
|v 3
|
| 700 |
|
1 |
|a Эйнштейн
|b А.
|c немецкий физик-теоретик
|c Нобелевский лауреат
|f 1879-1955
|g Альберт
|2 stltpush
|3 (RuTPU)RU\TPU\pers\817
|9 364
|
| 701 |
|
1 |
|a Инфельд
|b Л.
|g Леопольд
|
| 801 |
|
1 |
|a RU
|b 63413507
|c 20131211
|
| 801 |
|
2 |
|a RU
|b 63413507
|c 20191022
|g RCR
|
| 942 |
|
|
|c BK
|